Culture Rap US - Statistiques

Statistiques générales
  • Ce quiz a été pris 186 fois
  • Le résultat moyen est 8 sur 20
Statistiques - réponses
Hint Réponse % Correct
Année de décès de 2pac 1996
96%
On le surnomme Slim Shady Eminem
91%
Célèbre artiste supporter des Toronto Raptors Drake
83%
Producteur ayant sortit des albums en communs avec 21 Savage Metro Boomin
69%
Membre décédé du groupe Migos Takeoff
66%
Il aurait pleurer sur le poulet d'après Kaaris Future
62%
Clash entre 2 rapeurs ayant marqués les années 2000 Ja Rule / 50 cent
62%
Rapeuse qui se fait repéré par Lil Wayne au début de sa carrière, pour ensuite signer dans son label Nicki Minaj
55%
Il a révélé l'existence du fils caché de Drake Pusha T
35%
Fondateur du label "Maybach Music Group" Rick Ross
35%
Il sort son album "Victory Lap" en 2018 Nipsey Hussle
26%
Il sort le son "100 shots" après que 100 balles ont été tirées sur son véhicule blindé Young Dolph
22%
Producteur connu pour avoir collaborer avec les groupes Mobb Deep et Dilated Peoples, ou plus récemment Larry June The Alchemist
16%
Un des groupes précurseur de la dirty south, horrorcore, trap Three 6 Mafia
11%
Fondateur du label No Limit Records Master P
9%
Rapeur texan, une des premières chansons qui lui a permis de se faire connaître est le son "Texas" sortit en 2022 BigXthaPlug
6%
Pionnier du Gangsta Rap Ice T
6%
Rapeur ayant grandit à South Central LA, décédé le 19 décembre 2021 (28 ans) Drakeo the Ruler
5%
Legende de la bay area,il a notamment sortit l'album "In a Major Way" E-40
2%
Photographe américain d'origine nigériane connu pour ses photos de divers artistes pionniers de la musique hip-hop Chi Modu
1%
Aucun quiz correspondant
Distribution des résultats
% des personnes avec chaque résultat
Percentile par nombre de réponses
Votre historique - résultats
Vous n’avez pas pris ce quiz